[Event "Tournoi francophone 018E"]
[Site "Skype"]
[Date "????.??.??"]
[Round "7.2"]
[White "Vincent, Andre"]
[Black "Cengiz, Ali Ekber"]
[Result "1-0"]
[WhiteElo "1332"]
[BlackElo "1233"]
[PlyCount "97"]

1. Nf3 Nf6 2. d4 d5 3. g3 Bf5 4. Bg2 e6 5. Nbd2 Na6 6. c3 Bd6 7. O-O O-O 8. Ne5
c5 9. Nef3 cxd4 10. Nxd4 Bg6 11. b4 Nc7 12. a4 a6 13. Re1 e5 14. N4b3 e4 15.
Nf1 b5 16. Ne3 bxa4 17. Rxa4 Nb5 18. Bb2 Rc8 19. Qa1 Be5 20. Rc1 Bh5 21. Kf1
Ra8 22. Rxa6 Rxa6 23. Qxa6 Nc7 24. Qa2 Qd7 25. Ke1 Ra8 26. Qb1 Qb5 27. Qc2 Ne6
28. h4 Rd8 29. Bf1 Qb6 30. Rd1 Bg6 31. Nd4 Nxd4 32. cxd4 Bd6 33. Ba3 Bxb4+ 34.
Bxb4 Qxb4+ 35. Qd2 Qxd2+ 36. Rxd2 Ra8 37. Nc2 Ng4 38. e3 f5 39. Bb5 Rd8 40. Be2
Nh2 41. Bd1 Be8 42. Nb4 Ba4 43. Bxa4 Nf3+ 44. Ke2 Nxd2 45. Kxd2 Ra8 46. Bc6 Rb8
47. Bxd5+ Kf8 48. Kc3 Ke7 49. Kc2 1-0

[Event "Tournoi francophone 018E"]
[Site "Skype"]
[Date "????.??.??"]
[Round "7.4"]
[White "Moumtaz, Abderrahim"]
[Black "Briere, Jean"]
[Result "0-1"]
[WhiteElo "1274"]
[BlackElo "1275"]
[PlyCount "128"]

1. d4 d5 2. c4 e6 3. Nf3 Nc6 4. Nc3 Nf6 5. Bg5 Be7 6. e3 h6 7. Bh4 O-O 8. Bd3
dxc4 9. Bxc4 Nd5 10. Bxe7 Ndxe7 11. O-O Ng6 12. Bd3 Qf6 13. Re1 Nh4 14. Ne4
Nxf3+ 15. Qxf3 Qxf3 16. gxf3 b6 17. Rac1 Bb7 18. Bb5 Nb4 19. Rxc7 Bxe4 20. fxe4
Nxa2 21. Ra1 a6 22. Bc6 Rac8 23. Rxc8 Rxc8 24. Bb7 Rc1+ 25. Rxc1 Nxc1 26. Bxa6
Nb3 27. Bc4 Na5 28. b3 b5 29. Bxb5 Nxb3 30. Bd3 Kf8 31. Kg2 Ke7 32. e5 Na5 33.
e4 Nc6 34. f4 Nxd4 35. Kf2 Nc6 36. Bb5 Nd4 37. Bc4 f6 38. Ke3 fxe5 39. fxe5
Nc2+ 40. Kf4 Kf7 41. Kg4 Nd4 42. Kh5 Nf3 43. h4 Nxe5 44. Be2 Kf6 45. Bg4 Nxg4
46. Kxg4 Ke5 47. Kf3 g5 48. hxg5 hxg5 49. Kg4 Kxe4 50. Kxg5 e5 51. Kg4 Ke3 52.
Kg3 e4 53. Kg2 Kd2 54. Kg1 e3 55. Kf1 e2+ 56. Kg2 e1=Q 57. Kf3 Qe3+ 58. Kg4 Qf2
59. Kg5 Qf7 60. Kg4 Ke3 61. Kg5 Kf3 62. Kh6 Qg8 63. Kh5 Kf4 64. Kh6 Kf5 0-1

[Event "Tournoi francophone 018E"]
[Site "Skype"]
[Date "????.??.??"]
[Round "8.1"]
[White "Ruiz Aguilera, Juan Jesus"]
[Black "De Fazio, Monica"]
[Result "1-0"]
[WhiteElo "1116"]
[BlackElo "1141"]
[PlyCount "107"]

1. d4 Nf6 2. Nf3 d5 3. c4 c6 4. Nc3 e6 5. cxd5 cxd5 6. Bg5 Be7 7. Bxf6 Bxf6 8.
b4 Nc6 9. b5 Ne7 10. Qa4 Bd7 11. Ne5 Bxe5 12. dxe5 Qc7 13. Nd1 Qxe5 14. Rc1 O-O
15. e3 Rfc8 16. Rxc8+ Nxc8 17. Qd4 Qxd4 18. exd4 Nd6 19. Ne3 Bxb5 20. Bxb5 Nxb5
21. O-O Nxd4 22. Rd1 Ne2+ 23. Kf1 Nc3 24. Rd2 Rd8 25. Rb2 b6 26. Ke1 Kf8 27.
Kd2 Ne4+ 28. Kd3 Nc5+ 29. Ke2 d4 30. Nc4 d3+ 31. Kd2 Ne4+ 32. Ke3 d2 33. Nxd2
Nxd2 34. Rxd2 Rxd2 35. Kxd2 a5 36. Kc3 b5 37. a3 Ke7 38. Kd4 Kd6 39. f4 f6 40.
g4 b4 41. axb4 a4 42. Kc3 a3 43. Kb3 Kc6 44. Kxa3 Kb5 45. Kb3 e5 46. fxe5 fxe5
47. Kc3 e4 48. Kd4 e3 49. Kxe3 Kxb4 50. Kf4 g6 51. Kg5 Kc5 52. Kh6 Kd5 53. Kxh7
g5 54. Kg6 1-0

[Event "Tournoi francophone 018E"]
[Site "Skype"]
[Date "????.??.??"]
[Round "8.2"]
[White "Briere, Jean"]
[Black "Busto, Ricardo"]
[Result "0-1"]
[WhiteElo "1275"]
[BlackElo "1190"]
[PlyCount "36"]

1. e4 c5 2. Nf3 d6 3. Nc3 a6 4. d4 cxd4 5. Nxd4 e6 6. Bf4 e5 7. Bxe5 dxe5 8.
Nf3 Qc7 9. Nd5 Qd6 10. c4 Nf6 11. Bd3 Nxd5 12. cxd5 Be7 13. O-O O-O 14. h3 Nd7
15. Rc1 Nc5 16. a3 Nxd3 17. Qxd3 Bd7 18. Rc3 Bb5 0-1

[Event "Tournoi francophone 018E"]
[Site "Skype"]
[Date "????.??.??"]
[Round "8.4"]
[White "Cengiz, Ali Ekber"]
[Black "Malbec, Robert"]
[Result "1-0"]
[WhiteElo "1233"]
[BlackElo "1174"]
[PlyCount "67"]

1. e4 e5 2. Nf3 Nc6 3. Bc4 Bc5 4. d3 Nf6 5. h3 d6 6. c3 O-O 7. b4 Bb6 8. Na3 a6
9. Nc2 Re8 10. Ng5 h6 11. Bxf7+ Kh8 12. Bxe8 Qxe8 13. Nf3 Qg6 14. Nh4 Qh7 15.
f4 exf4 16. Nf3 g5 17. d4 Qxe4+ 18. Qe2 Qg6 19. Bb2 Ne4 20. Rg1 Bf5 21. O-O-O
Re8 22. Rge1 d5 23. a4 Ne7 24. Ne5 Qf6 25. Qh5 Rf8 26. c4 dxc4 27. Nxc4 Ba7 28.
Rxe4 Bxe4 29. d5 Qxb2+ 30. Kxb2 Kh7 31. Re1 Bg6 32. Rxe7+ Rf7 33. Rxf7+ Bxf7
34. Qxf7+ 1-0

[Event "Tournoi francophone 018E"]
[Site "Skype"]
[Date "????.??.??"]
[Round "8.5"]
[White "Milanese, Serge"]
[Black "Vincent, Andre"]
[Result "1-0"]
[WhiteElo "1202"]
[BlackElo "1332"]
[PlyCount "61"]

1. d4 Nf6 2. Bf4 d5 3. e3 g6 4. Nf3 Bg7 5. Be2 Nbd7 6. Nbd2 O-O 7. c4 c5 8.
cxd5 Nxd5 9. Bc4 Nxf4 10. exf4 cxd4 11. Bd3 Re8 12. O-O e5 13. Ne4 h6 14. Re1
b6 15. Nd6 Re7 16. f5 Nc5 17. Nxc8 Rxc8 18. fxg6 Kf8 19. Bf5 Rcc7 20. Nh4 f6
21. Rc1 Qd5 22. f3 d3 23. Qd2 Qd4+ 24. Re3 Qxh4 25. Bxd3 Qd4 26. Rc4 Qd6 27.
Qc2 Red7 28. Bf5 Rd8 29. b4 h5 30. bxc5 Bh6 31. cxd6 1-0

[Event "Tournoi francophone 018E"]
[Site "Skype"]
[Date "????.??.??"]
[Round "9.1"]
[White "Vincent, Andre"]
[Black "Ruiz Aguilera, Juan Jesus"]
[Result "0-1"]
[WhiteElo "1332"]
[BlackElo "1116"]
[PlyCount "88"]

1. Nf3 d5 2. d4 Nf6 3. e3 e6 4. c4 Be7 5. Nc3 Nbd7 6. Be2 Bb4 7. O-O Bxc3 8.
bxc3 dxc4 9. Bxc4 Nb6 10. Be2 O-O 11. a4 Nbd5 12. Qc2 Bd7 13. e4 Ne7 14. Ne5
Nc6 15. Nxd7 Nxd7 16. Bf4 e5 17. dxe5 Ndxe5 18. Rfd1 Qf6 19. Qc1 Rfd8 20. Bg5
Rxd1+ 21. Bxd1 Nd3 22. Bxf6 Nxc1 23. Rxc1 gxf6 24. f4 Rd8 25. Bf3 Rd3 26. e5
fxe5 27. f5 Ne7 28. Bxb7 Nxf5 29. Be4 Rd2 30. Bxf5 Ra2 31. Bd7 Kf8 32. Bc6 Ke7
33. Rd1 Rc2 34. Rd3 f5 35. g3 e4 36. Re3 h5 37. Bb5 Kf6 38. h4 Ke5 39. Kf1 f4
40. gxf4+ Kxf4 41. Rh3 e3 42. Be2 Rxc3 43. Bxh5 e2+ 44. Bxe2 Rxh3 0-1

[Event "Tournoi francophone 018E"]
[Site "Skype"]
[Date "????.??.??"]
[Round "9.2"]
[White "Malbec, Robert"]
[Black "Milanese, Serge"]
[Result "1-0"]
[WhiteElo "1174"]
[BlackElo "1202"]
[PlyCount "53"]

1. e4 e5 2. Nf3 Nc6 3. Bc4 Bc5 4. c3 Nf6 5. d4 exd4 6. cxd4 Bb4+ 7. Bd2 Bxd2+
8. Nbxd2 O-O 9. O-O d6 10. h3 Be6 11. d5 Na5 12. dxe6 Nxc4 13. exf7+ Rxf7 14.
Nxc4 h6 15. Re1 Nd7 16. b4 a6 17. Qb3 Qf6 18. Ne3 Ne5 19. Ng4 Nxg4 20. hxg4 Re8
21. Rad1 Re5 22. Re2 d5 23. Nxe5 Qxe5 24. Qxd5 Qxd5 25. Rxd5 Kf8 26. Red2 Re7
27. f3 1-0

[Event "Tournoi francophone 018E"]
[Site "Skype"]
[Date "????.??.??"]
[Round "9.3"]
[White "Moumtaz, Abderrahim"]
[Black "Cengiz, Ali Ekber"]
[Result "0-1"]
[WhiteElo "1274"]
[BlackElo "1233"]
[PlyCount "56"]

1. d4 d5 2. c4 c6 3. cxd5 cxd5 4. Nc3 Nf6 5. Nf3 Bf5 6. Qb3 Bc8 7. Bf4 e6 8. e3
a6 9. Bd3 Bd6 10. Bxd6 Qxd6 11. O-O Nbd7 12. Rac1 O-O 13. Qc2 e5 14. e4 exd4
15. Nxd4 Ne5 16. exd5 Nxd3 17. Qxd3 Ng4 18. Nf3 Ne5 19. Nxe5 Qxe5 20. Rfe1 Qf6
21. Qc4 b5 22. Qc5 Bd7 23. Qb4 a5 24. Qb3 b4 25. Ne4 Qg6 26. Rc7 Bf5 27. d6
Bxe4 28. d7 Qxg2# 0-1

[Event "Tournoi francophone 018E"]
[Site "Skype"]
[Date "????.??.??"]
[Round "9.5"]
[White "De Fazio, Monica"]
[Black "Briere, Jean"]
[Result "0-1"]
[WhiteElo "1141"]
[BlackElo "1275"]
[PlyCount "74"]

1. d4 d5 2. Nf3 Nc6 3. g3 Bf5 4. Bg2 e6 5. O-O Nf6 6. c4 Be7 7. Nc3 O-O 8. b3
Ne4 9. Nxe4 Bxe4 10. Nd2 Bxg2 11. Kxg2 Nxd4 12. cxd5 exd5 13. e4 Bf6 14. Bb2 c5
15. Rc1 Rc8 16. Re1 Re8 17. exd5 Qxd5+ 18. f3 Rxe1 19. Qxe1 Nxf3 20. Nxf3 Bxb2
21. Rd1 Qc6 22. Qd2 Bf6 23. Qd7 a5 24. Qxc6 Rxc6 25. Rd7 b6 26. Ne5 Re6 27.
Nxf7 Re2+ 28. Kh3 Rxa2 29. Rb7 Rb2 30. Nd6 Rxb3 31. Nc4 b5 32. Nxa5 Rb1 33. Kg2
b4 34. Rb5 Bd4 35. Kf3 Re1 36. Nb3 Re3+ 37. Kf4 Rxb3 0-1